| 000 | 00818cam a2200253 a 4500 | ||
|---|---|---|---|
| 001 | 12621429 | ||
| 005 | 20180213084416.0 | ||
| 008 | 011214s2002 maua b 000 0 eng | ||
| 010 | _a 2001278621 | ||
| 020 | _a0618061339 (v. 1) | ||
| 020 | _a0618061347 (v. 2) | ||
| 040 |
_aDLC _cDLC _dDLC |
||
| 041 | _aeng | ||
| 043 | _an-us--- | ||
| 080 | _a973 COL | ||
| 082 | 0 | 0 |
_a973 _221 |
| 100 | _a16 | ||
| 101 | _aHIS | ||
| 245 | 0 | 0 |
_aMajor Problems in American History : _cedited by Elizabeth Cobbs Hoffman, Jon Gjerde. |
| 504 | _aIncludes bibliographical references. | ||
| 906 |
_a7 _bcbc _corignew _d2 _encip _f20 _gy-gencatlg |
||
| 942 |
_2ddc _cBK |
||
| 999 |
_c42420 _d42420 |
||